LEADER 01035cam0-22003131i-450 001 990005877790403321 005 20170331124453.0 010 $a0-271-01013-4 035 $a000587779 035 $aFED01000587779 035 $a(Aleph)000587779FED01 035 $a000587779 100 $a20000421d1993----km-y0itay50------ba 101 0 $aeng 102 $aUS 105 $ay-------001yy 200 1 $aCultural imperialism and the indo-english novel$egenre and ideology in R. K. Narayan, Anita Desai, Kamala Markandaya, and Salman Rushdie$fFawzia Afzal-Khan 210 $aUniversity Park (Pa.)$cPennsylvania state university press$d1993 215 $aX, 194 p.$d23 cm 610 0 $aNarrativa inglese$aScrittori indiani 676 $a823.009$v22$zita 700 1$aAfzal-Khan,$bFawzia$0223716 801 0$aIT$bUNINA$gRICA$2UNIMARC 901 $aBK 912 $a990005877790403321 952 $a823.009 AFZ 1$bBibl.30409$fFLFBC 959 $aFLFBC 996 $aCultural imperialism and the Indo-English novel$9563711 997 $aUNINA LEADER 01777nam 2200421 n 450 001 996395050103316 005 20200824121730.0 035 $a(CKB)4940000000121547 035 $a(EEBO)2240919393 035 $a(UnM)99852245e 035 $a(UnM)99852245 035 $a(EXLCZ)994940000000121547 100 $a19920427d1627 uy | 101 0 $aeng 135 $aurbn||||a|bb| 200 14$aThe burning bush, not consumed$b[electronic resource] $eWherein, either vnder all deepe sense of wrath, or hardnesse of heart, one may iudge, whether he be the childe of God, or not, &c. Chiefly receiuing full satisfaction, concerning the sinne against the Holy Ghost. Perused by I.D. and diuers other diuines 210 $aLondon $cPrinted by G. M[iller] for William Sheffard, and are to be sold at his shop entring into Popes-head-Alley out of Lumbard street$d1627 215 $a[22], 153, [1] p 300 $aEditor's dedication signed "I. Hart" = John Hart. 300 $aI.D. = Jeremiah Dyke? (STC). 300 $aA dialogue between a minister and a scholar. 300 $aPrinter's name from STC. 300 $a"A prayer for the distressed" is at end. 300 $aRunning title reads: A discouery of the child of God, vnder all sense of seeming wrath. 300 $aReproduction of the original in the Emmanuel College (University of Cambridge). Library. 330 $aeebo-0048 606 $aSpiritual life$vEarly works to 1800 615 0$aSpiritual life 701 $aHart$b John$cD.D.$0195672 702 $aDyke$b Jeremiah$f1584-1639, 801 0$bCu-RivES 801 1$bCu-RivES 801 2$bCStRLIN 801 2$bWaOLN 906 $aBOOK 912 $a996395050103316 996 $aThe burning bush not consumed$92317975 997 $aUNISA